000 00372nam a22001697a 4500
003 OSt
005 20211125090104.0
008 211125b |||||||| |||| 00| 0 eng d
020 _a0043302319
040 _cHU
082 _a339
100 _aBROOMAN F.S.
_920410
245 _aMSCRP ECONOMICS
260 _aLONDON
_bLTD
_c1973
300 _a384
942 _2ddc
_cBOOKS
_n0
999 _c20025
_d20025